| 000 | 01128njm a22002897a 4500 | ||
|---|---|---|---|
| 005 | 2010092107437.0 | ||
| 007 | sd ammalaaahaa | ||
| 008 | 100913t xxu||||| |||| 00| 0 hin d | ||
| 028 |
_aPSLP-1364 _bHis Master's voice |
||
| 035 | _aGR-03940 | ||
| 040 | _aSED/VEN | ||
| 100 |
_919606 _aJagjit |
||
| 245 |
_aA sound affair Part 1 & 2 / _h[sound recording] : _cby Jagjit Singh & Chitra Singh lyric by Shahid Meer |
||
| 246 | _aअ सौंड अफ्फैर (जगजीत सिंह और चित्र सिंह ) | ||
| 260 |
_aDum Dum, India _bMusic India _c1985 |
||
| 300 |
_a1 sound disc [Gramophone record] : _banalog, 33.1/3 rpm _c12 in. (LP) _fGramophone record |
||
| 500 | _aBrief record. | ||
| 500 | _aVENUS | ||
| 500 | _aOrange | ||
| 505 | _aPart.1 Chhuo na chhune do Part 2 Unpe sadke dilon jaan | ||
| 650 |
_xExcerpts _zIndia _919607 _vFilmi song _aClassical music |
||
| 700 |
_920331 _a Asha Bhosle |
||
| 700 |
_aLaxmi Kant Pyarelal _920936 |
||
| 700 |
_aAnjaan _920937 |
||
| 942 |
_2ddc _cGR |
||
| 999 |
_c47270 _d47270 |
||